000 00587nam a22001457a 4500
020 _a978-1-4169-8696-6
082 _a823
_bDIX/H
100 _aDIXON, FRANKLIN W
245 _aTHE HARDY BOYS - KILLER CONNECTIONS
260 _aNEW YORK
_bALADDIN PAPERBACKS
_c2010
300 _a170
520 _aIn Killer Connections, the detective duo learns that the headmaster of The Willis Firth Academy is in peril along with his daughter—and maybe even the Hardys themselves! Can the boys wrap up their mission before someone loses a life?
650 _aMYSTERY STORY
_zUNITED STATES
942 _cBK
999 _c7778
_d7778